000 00532nam a2200181Ia 4500
008 240925s9999 xx 000 0 und d
020 _a9781118369739
082 _a657.0285 RAM
100 _aRamin, Kurt; Reiman, Cornelis
245 0 _aIFRS and XBRL: how to improve business reporting through technology and object tracking
250 _aNA
260 _aAustralia:
_bJohn Wiley & Sons
_c,2013.
300 _a532p.
_bNA
_fOriginal
500 _aIncludes Index
600 _aManagement
650 _aAccounting
942 _cBK
999 _c15106
_d15106